Marriage, how to keep a good thing growing: (Record no. 14627)

000 -LEADER
fixed length control field 00663nam a2200193 a 4500
001 - CONTROL NUMBER
control field :::00012459$&:&@@
003 - CONTROL NUMBER IDENTIFIER
control field OkBaRHE
005 - DATE AND TIME OF LATEST TRANSACTION
control field 20100402121736.0
008 - FIXED-LENGTH DATA ELEMENTS--GENERAL INFORMATION
fixed length control field s1982 j 000 0 eng u
020 ## - INTERNATIONAL STANDARD BOOK NUMBER
International Standard Book Number 0310700817 (pbk.)
040 ## - CATALOGING SOURCE
Transcribing agency
100 1# - MAIN ENTRY--PERSONAL NAME
Personal name Drakeford, John W.
245 10 - TITLE STATEMENT
Title Marriage, how to keep a good thing growing:
Remainder of title introducing D.M.A., the protection plan for modern marriage.
260 ## - PUBLICATION, DISTRIBUTION, ETC. (IMPRINT)
Place of publication, distribution, etc Grand Rapids, MI :
Name of publisher, distributor, etc Zondervan Publishing House
Date of publication, distribution, etc 1982
300 ## - PHYSICAL DESCRIPTION
Extent 192 p. ;
Dimensions 21 cm.
650 ## - SUBJECT ADDED ENTRY--TOPICAL TERM
Topical term or geographic name as entry element Marriage
942 ## - ADDED ENTRY ELEMENTS (KOHA)
Source of classification or shelving scheme
Koha item type Books
Copies
Not for loan Date last seen Lost status Koha item type Shelving location Source of classification or shelving scheme Date acquired Copy number Withdrawn status Permanent Location Damaged status Price effective from Barcode Full call number
 2010-04-14 BooksGeneral Stacks 2010-04-141 RHEMA Bible Training College 2010-04-1412459HQ 734 .D82 1982